000
00366nam a2200169Ia 4500
003
0STCL
008
150530s9999 xx 000 0 und d
040
_a
STCL
_c
STCL
100
_a
Searle, S.R.
245
_a
Linear models
250
_a
First
260
_b
John Wiley
_c
1975
546
_a
English
942
_2
ddc
_c
BK
999
_c
26094
_d
26094
005
20220125170045.0